Govt. of
Madhya Pradesh

Normal view MARC view

Entry Topical Term

Number of records used in: 1

001 - CONTROL NUMBER

  • control field: 52352

003 - CONTROL NUMBER IDENTIFIER

  • control field: OSt

005 - DATE AND TIME OF LATEST TRANSACTION

  • control field: 20160413173548.0

008 - FIXED-LENGTH DATA ELEMENTS

  • fixed length control field: 160413|| aca||aabn | a|a d

040 ## - CATALOGING SOURCE

  • Original cataloging agency: OSt
  • Transcribing agency: OSt

150 ## - HEADING--TOPICAL TERM

  • Topical term or geographic name entry element: Novel

670 ## - SOURCE DATA FOUND

  • Source citation: Work cat.: (OSt)11248: निशि श्रीवास्‍तव 52351, कैसा था वह मन, 2000